A polisz és a megapolisz - előszó

Elmentve itt :
Bibliográfiai részletek
Szerző: Laczkó Sándor
Testületi szerző: Lábjegyzetek Platónhoz : A polisz (2018) (Szeged)
Dokumentumtípus: Könyv része
Megjelent: 2019
Sorozat:Lábjegyzetek Platónhoz 17
A polisz 17
Kulcsszavak:Társadalomfilozófia - előszó, Politikai filozófia - előszó, Közösség és társadalom - előszó, Demokrácia - eszmetörténet - előszó
Tárgyszavak:
Online Access:http://acta.bibl.u-szeged.hu/65548
LEADER 00922naa a2200229 i 4500
001 acta65548
005 20220107110551.0
008 200312s2019 hu o 0|| hun d
020 |a 978-615-5727-02-3 
040 |a SZTE Egyetemi Kiadványok Repozitórium  |b hun 
041 |a hun 
100 1 |a Laczkó Sándor 
245 1 2 |a A polisz és a megapolisz - előszó  |h [elektronikus dokumentum] /  |c  Laczkó Sándor 
260 |c 2019 
300 |a 5-8 
490 0 |a Lábjegyzetek Platónhoz  |v 17 
490 0 |a A polisz  |v 17 
650 4 |a Bölcsészettudományok 
650 4 |a Filozófia, etika és vallástudományok 
695 |a Társadalomfilozófia - előszó, Politikai filozófia - előszó, Közösség és társadalom - előszó, Demokrácia - eszmetörténet - előszó 
710 |a Lábjegyzetek Platónhoz : A polisz (2018) (Szeged) 
856 4 0 |u http://acta.bibl.u-szeged.hu/65548/1/platonhoz_017_005-008.pdf  |z Dokumentum-elérés